000
00276nam a22001217a 4500
999
_c
160654
_d
160654
082
_a
_b
100
_a
Maurice A Canney.
245
_a
An encyclopaedia of religions/
_c
by Maurice A Canney.
260
_a
Delhi:
_b
Nag,
_c
1976.
300
_a
397p.
650
_a
942
_c
BK